[Event "DEN-chT 2324 61st"]
[Site "Denmark"]
[Date "2024.04.06"]
[Round "8.1"]
[White "Haubro, Martin"]
[Black "Hillarp Persson, Tiger"]
[Result "0-1"]
[WhiteElo "2405"]
[BlackElo "2497"]
[PlyCount "94"]
[EventDate "2023.10.28"]
[EventType "team-tourn"]
[EventRounds "9"]
[EventCountry "DEN"]
[SourceTitle "EXT 2025"]
[Source "ChessBase"]
[SourceDate "2024.10.14"]
[SourceVersion "1"]
[SourceVersionDate "2024.10.14"]
[SourceQuality "1"]
[WhiteTeam "BMS"]
[BlackTeam "Bronshoj"]
[WhiteTeamCountry "DEN"]
[BlackTeamCountry "DEN"]

1. e4 c5 2. Nf3 d6 3. d4 cxd4 4. Nxd4 Nf6 5. Nc3 a6 6. h3 e5 7. Nb3 Be6 8. f4 b5 9. f5 Bc8 10. Qf3 Bb7 11. Bg5 Be7 12. Bxf6 Bxf6 13. 0-0-0 0-0 14. Kb1 b4 15. Nd5 a5 16. h4 a4 17. Nc1 Bxd5 18. Rxd5 Nc6 19. g4 Nd4 20. Qd3 Rc8 21. g5 Be7 22. Rg1 f6 23. g6 Nxc2 24. gxh7+ Kh8 25. Qg3 Rf7 26. Qg6 Qc7 27. Bd3 Bf8 28. Qg3 a3 29. Ne2 axb2 30. Kxb2 Na3 31. Rc1 Qb8 32. Rxc8 Qxc8 33. Qe3 Rc7 34. Kb3 Rc3+ 35. Nxc3 Qxc3+ 36. Ka4 Nc4 37. Qf2 Nb2+ 38. Kb5 Nxd3 39. Qa7 b3 40. Qf7 Kxh7 41. axb3 Qxb3+ 42. Ka5 Qb4+ 43. Ka6 Qxe4 44. Kb6 Qc4 45. Qh5+ Kg8 46. Rb5 Qc8 47. Qf3 Nf4 0-1

[Event "Fagernes op"]
[Site "Fagernes"]
[Date "2024.03.29"]
[Round "7"]
[White "Hillarp Persson, Tiger"]
[Black "Narva, Mai"]
[Result "0-1"]
[WhiteElo "2473"]
[BlackElo "2399"]
[PlyCount "70"]
[EventDate "2024.03.24"]
[EventType "swiss"]
[EventRounds "9"]
[EventCountry "NOR"]
[SourceTitle "CBM 219 Extra"]
[Source "ChessBase"]
[SourceDate "2024.05.31"]
[SourceVersion "1"]
[SourceVersionDate "2024.05.31"]
[SourceQuality "1"]

1. d4 Nf6 2. c4 e6 3. Nc3 Bb4 4. e3 0-0 5. Nge2 Re8 6. a3 Bf8 7. d5 a5 8. g3 Na6 9. Bg2 Nc5 10. b3 exd5 11. cxd5 b6 12. 0-0 Ba6 13. Ra2 Nfe4 14. Nxe4 Nxe4 15. Bb2 Qg5 16. h4 Qf5 17. Nf4 h6 18. Bh3 Qh7 19. Re1 Rad8 20. Ba1 Bd6 21. Kh2 a4 22. b4 Bc4 23. Rc2 Bb3 24. Ree2 g5 25. Qc1 Bxc2 26. Rxc2 gxf4 27. gxf4 Qg6 28. Qb2 f6 29. Rc4 Kh7 30. h5 Qxh5 31. Rxe4 Rxe4 32. Qxf6 Re7 33. f3 Rg8 34. Qf5+ Qg6 35. e4 Bxf4+ 0-1

[Event "Fagernes op"]
[Site "Fagernes"]
[Date "2024.03.27"]
[Round "5"]
[White "Hillarp Persson, Tiger"]
[Black "Krishnan, Ritvik"]
[Result "1/2-1/2"]
[WhiteElo "2473"]
[BlackElo "2277"]
[PlyCount "80"]
[EventDate "2024.03.24"]
[EventType "swiss"]
[EventRounds "9"]
[EventCountry "NOR"]
[SourceTitle "CBM 219 Extra"]
[Source "ChessBase"]
[SourceDate "2024.05.31"]
[SourceVersion "1"]
[SourceVersionDate "2024.05.31"]
[SourceQuality "1"]

1. Nf3 d5 2. g3 c5 3. Bg2 Nc6 4. 0-0 Nf6 5. d3 g6 6. Nc3 Bg7 7. a3 0-0 8. Rb1 b6 9. b4 cxb4 10. axb4 Bb7 11. b5 Na5 12. Bd2 Rc8 13. Na4 Ne8 14. Bxa5 bxa5 15. Nd2 Nd6 16. c4 dxc4 17. Bxb7 Nxb7 18. Nxc4 Nd6 19. Qb3 Rb8 20. Nxd6 Qxd6 21. Rfc1 Rfc8 22. Rc4 h5 23. e3 e6 24. d4 Kh7 25. h4 Qd5 26. Rxc8 Qxb3 27. Rxb3 Rxc8 28. Kg2 Rc4 29. Nb2 Rc2 30. Nd3 Bf8 31. b6 axb6 32. Rxb6 a4 33. Ne5 Rc7 34. Ra6 a3 35. Nd3 Rc2 36. Ne5 Rc7 37. Nd3 Kg7 38. Nc5 Bxc5 39. dxc5 Rxc5 40. Rxa3 Rc2 1/2-1/2

[Event "Fagernes op"]
[Site "Fagernes"]
[Date "2024.03.26"]
[Round "3"]
[White "Hillarp Persson, Tiger"]
[Black "Brattgjerd, Isak Vinh"]
[Result "1-0"]
[WhiteElo "2473"]
[BlackElo "2228"]
[PlyCount "113"]
[EventDate "2024.03.24"]
[EventType "swiss"]
[EventRounds "9"]
[EventCountry "NOR"]
[SourceTitle "CBM 219 Extra"]
[Source "ChessBase"]
[SourceDate "2024.05.31"]
[SourceVersion "1"]
[SourceVersionDate "2024.05.31"]
[SourceQuality "1"]

1. Nf3 d5 2. g3 Bg4 3. Bg2 Nd7 4. c4 e6 5. cxd5 exd5 6. 0-0 Ngf6 7. h3 Bxf3 8. exf3 Be7 9. f4 0-0 10. d3 Nb6 11. Nd2 Nfd7 12. Nf3 Bd6 13. h4 Qf6 14. Bh3 Rfe8 15. Kg2 Bf8 16. Qc2 c5 17. Bd2 Qc6 18. d4 cxd4 19. Qxc6 bxc6 20. Nxd4 c5 21. Nb5 Re2 22. Rad1 Nf6 23. Kf3 Re7 24. b4 c4 25. Bc3 Ne4 26. Be5 f6 27. Bd4 Na4 28. Nc7 Rxc7 29. Be6+ Kh8 30. Bxd5 Nec3 31. Bxa8 Nxd1 32. Rxd1 c3 33. Be4 Nb2 34. Re1 Rc4 35. Bxa7 Bxb4 36. Bf5 g6 37. Bc2 Kg7 38. Re4 Rc7 39. Bb6 Rc4 40. a4 f5 41. Rxc4 Nxc4 42. Bd4+ Kf8 43. Ke2 Ke7 44. Bb3 Nd2 45. Bc2 Nc4 46. h5 Kd6 47. Bg7 Ba5 48. hxg6 hxg6 49. Kd3 Nb2+ 50. Kd4 Bb6+ 51. Kxc3 Nxa4+ 52. Bxa4 Bxf2 53. Bf6 Ke6 54. Bh4 g5 55. Bb3+ Kd7 56. fxg5 Be1+ 57. Kd3 1-0

[Event "SWE-chT 2324 Elite"]
[Site "Sweden"]
[Date "2024.03.08"]
[Round "7.1"]
[White "Rahul, Kumar Pune"]
[Black "Hillarp Persson, Tiger"]
[Result "0-1"]
[WhiteElo "2215"]
[BlackElo "2473"]
[PlyCount "106"]
[EventDate "2023.10.13"]
[EventType "team-tourn"]
[EventRounds "9"]
[EventCountry "SWE"]
[SourceTitle "EXT 2025"]
[Source "ChessBase"]
[SourceDate "2024.10.14"]
[SourceVersion "1"]
[SourceVersionDate "2024.10.14"]
[SourceQuality "1"]
[WhiteTeam "Orgryte"]
[BlackTeam "Vaxjo"]
[WhiteTeamCountry "SWE"]
[BlackTeamCountry "SWE"]

1. Nf3 c5 2. e3 g6 3. d4 Nf6 4. Nbd2 Qc7 5. Be2 Bg7 6. 0-0 0-0 7. c3 d5 8. Bd3 Nbd7 9. e4 cxd4 10. cxd4 dxe4 11. Nxe4 Nxe4 12. Bxe4 Nf6 13. Bc2 Bg4 14. Bb3 a5 15. Be3 b5 16. h3 Bxf3 17. Qxf3 a4 18. Rac1 Qd6 19. Bc2 Nd5 20. Be4 Nxe3 21. fxe3 Rad8 22. Rc5 f5 23. Bc6 e6 24. Rxb5 Kh8 25. Ra5 Qb4 26. Rxa4 Qxb2 27. Kh1 Rd6 28. Ra6 Qc3 29. a4 Bh6 30. Bb5 Rxa6 31. Bxa6 Bxe3 32. Rd1 Bxd4 33. Qb7 e5 34. Qe7 Qc5 35. Qxc5 Bxc5 36. Rd5 Bd4 37. a5 Rf7 38. Bb5 Rc7 39. Rd8+ Kg7 40. Rd7+ Rxd7 41. Bxd7 e4 42. g4 Kf6 43. gxf5 gxf5 44. Kg2 f4 45. Bg4 Ke5 46. a6 Ba7 47. Bh5 Kd4 48. Bg4 Ke3 49. Bh5 f3+ 50. Kf1 Kf4 51. Be8 e3 52. Bb5 Kg3 53. Bc6 e2+ 0-1

[Event "SWE-chT 2324 Elite"]
[Site "Sweden"]
[Date "2024.03.04"]
[Round "6.1"]
[White "Garriga Cazorla, Pere"]
[Black "Hillarp Persson, Tiger"]
[Result "1/2-1/2"]
[WhiteElo "2466"]
[BlackElo "2491"]
[PlyCount "101"]
[EventDate "2023.10.13"]
[EventType "team-tourn"]
[EventRounds "9"]
[EventCountry "SWE"]
[SourceTitle "EXT 2025"]
[Source "ChessBase"]
[SourceDate "2024.10.14"]
[SourceVersion "1"]
[SourceVersionDate "2024.10.14"]
[SourceQuality "1"]
[WhiteTeam "Limhamn"]
[BlackTeam "Vaxjo"]
[WhiteTeamCountry "SWE"]
[BlackTeamCountry "SWE"]

1. d4 e6 2. e4 d5 3. e5 c5 4. c3 Nc6 5. Nf3 Bd7 6. Be2 Nge7 7. Na3 Ng6 8. h4 cxd4 9. cxd4 Bb4+ 10. Kf1 h6 11. h5 Nge7 12. Nb5 Nc8 13. a3 Be7 14. Rh3 a6 15. Nc3 b5 16. Rg3 Kf8 17. Bd3 Nb6 18. Ne2 a5 19. Qd2 b4 20. Qf4 Kg8 21. Kg1 Rb8 22. Qg4 Bf8 23. Bf4 Na4 24. Bc1 bxa3 25. bxa3 Ne7 26. Nh4 Nb2 27. Bb1 Qc8 28. Rf3 Qc4 29. Rc3 Qa6 30. Nf4 Qa7 31. Bxb2 Rxb2 32. Nd3 Qb6 33. Bc2 Nc6 34. Nf3 Be7 35. Rc1 Ra2 36. Ba4 Rxa3 37. Rxc6 Bxc6 38. Bxc6 Rxd3 39. Be8 Qa6 40. Rc7 Kf8 41. Bb5 Qxb5 42. Rc8+ Qe8 43. Rxe8+ Kxe8 44. Qxg7 Rf8 45. Qxh6 Kd7 46. Qc1 a4 47. Qf1 Rb3 48. Qa6 Rb1+ 49. Kh2 a3 50. Qa7+ Kd8 51. h6 1/2-1/2

[Event "SWE-chT 2324 Elite"]
[Site "Sweden"]
[Date "2024.03.04"]
[Round "4.35"]
[White "Hillarp Persson, Tiger"]
[Black "Lukez, Franko"]
[Result "1-0"]
[WhiteElo "2491"]
[BlackElo "2295"]
[PlyCount "55"]
[EventDate "2023.10.13"]
[EventType "team-tourn"]
[EventRounds "9"]
[EventCountry "SWE"]
[SourceTitle "EXT 2025"]
[Source "ChessBase"]
[SourceDate "2024.10.14"]
[SourceVersion "1"]
[SourceVersionDate "2024.10.14"]
[SourceQuality "1"]
[WhiteTeam "Vaxjo"]
[BlackTeam "Eksjo"]
[WhiteTeamCountry "SWE"]
[BlackTeamCountry "SWE"]

1. d4 g6 2. e4 Bg7 3. Nc3 d6 4. Be3 Nc6 5. Nf3 Nf6 6. Qd2 e5 7. dxe5 dxe5 8. Qxd8+ Nxd8 9. Nb5 Ne6 10. Ng5 0-0 11. Nxe6 Bxe6 12. Nxc7 Nxe4 13. Nxa8 Rxa8 14. Be2 f5 15. f3 Nf6 16. 0-0-0 Kf7 17. Kb1 Nd5 18. Bc1 Rc8 19. a3 b5 20. Bxb5 Rb8 21. a4 a6 22. Rxd5 Bxd5 23. Bxa6 e4 24. fxe4 fxe4 25. Rd1 Bc6 26. Bc4+ Kf8 27. a5 Rb4 28. b3 1-0

[Event "SWE-chT 2324 Elite"]
[Site "Sweden"]
[Date "2024.03.04"]
[Round "5.28"]
[White "Hillarp Persson, Tiger"]
[Black "Smith, Axel"]
[Result "1/2-1/2"]
[WhiteElo "2491"]
[BlackElo "2421"]
[PlyCount "249"]
[EventDate "2023.10.13"]
[EventType "team-tourn"]
[EventRounds "9"]
[EventCountry "SWE"]
[SourceTitle "EXT 2025"]
[Source "ChessBase"]
[SourceDate "2024.10.14"]
[SourceVersion "1"]
[SourceVersionDate "2024.10.14"]
[SourceQuality "1"]
[WhiteTeam "Vaxjo"]
[BlackTeam "Lunds"]
[WhiteTeamCountry "SWE"]
[BlackTeamCountry "SWE"]

1. Nf3 d5 2. g3 c5 3. Bg2 Nc6 4. 0-0 e5 5. d3 Be7 6. Na3 Nf6 7. e4 0-0 8. c3 Re8 9. exd5 Nxd5 10. Re1 Bf6 11. Nc4 Bf5 12. Bg5 Nb6 13. Ne3 Be6 14. Bxf6 Qxf6 15. Nd2 Rad8 16. Be4 g6 17. a4 Qe7 18. a5 Nd5 19. Nxd5 Bxd5 20. Qa4 Kg7 21. a6 Bxe4 22. Nxe4 f5 23. axb7 Nb8 24. Nd2 Rxd3 25. Nc4 e4 26. Rad1 Rxd1 27. Rxd1 Rd8 28. Rxd8 Qxd8 29. Kf1 Qd5 30. Qb3 e3 31. Ke2 exf2 32. Kxf2 g5 33. Qa4 Qxb7 34. Qe8 g4 35. Qe5+ Kg6 36. Qe6+ Kg5 37. Qe3+ Kh5 38. Qxc5 Qf3+ 39. Ke1 Qh1+ 40. Kd2 Qxh2+ 41. Kc1 Qh1+ 42. Kc2 Qe4+ 43. Kb3 Nc6 44. Nd6 Qe6+ 45. c4 Ne5 46. Ka4 Kg6 47. b4 h5 48. b5 h4 49. gxh4 g3 50. Qd4 g2 51. Kb4 Nf3 52. h5+ Kxh5 53. Qh8+ Kg6 54. Ne8 Qf7 55. Nd6 g1Q 56. Nxf7 Qb1+ 57. Kc5 Qg1+ 58. Kd5 Qd1+ 59. Ke6 Qe2+ 60. Ne5+ Nxe5 61. Qf6+ Kh7 62. Qxe5 Qxc4+ 63. Kf6 Qh4+ 64. Kxf5 Qf2+ 65. Ke6 Qb6+ 66. Kd7 a6 67. Qh2+ Kg7 68. Qg2+ Kh7 69. Qc2+ Kg7 70. Qc3+ Kh7 71. Qd3+ Kh6 72. bxa6 Kg5 73. Qc4 Qa7+ 74. Kd6 Qb6+ 75. Qc6 Qd8+ 76. Ke6 Qf6+ 77. Kd7 Qf7+ 78. Kd6 Kh4 79. Qe4+ Kg3 80. Qe5+ Kf2 81. Kc6 Kg1 82. Qd4+ Kh2 83. a7 Qe8+ 84. Kb6 Qe6+ 85. Kc5 Qf5+ 86. Kb4 Qf8+ 87. Qc5 Qf4+ 88. Ka3 Qf3+ 89. Ka4 Qd1+ 90. Kb5 Qd7+ 91. Kb6 Qe6+ 92. Qc6 Qb3+ 93. Kc7 Qf7+ 94. Qd7 Qc4+ 95. Kb8 Qb4+ 96. Kc8 Qf8+ 97. Qd8 Qf5+ 98. Qd7 Qf8+ 99. Kc7 Qc5+ 100. Kb8 Qb4+ 101. Qb7 Qf8+ 102. Qc8 Qb4+ 103. Ka8 Qe4+ 104. Qb7 Qd4 105. Qc7+ Kg1 106. Kb7 Qe4+ 107. Qc6 Qe7+ 108. Kb6 Qb4+ 109. Qb5 Qd6+ 110. Kb7 Qe7+ 111. Ka6 Qa3+ 112. Qa5 Qd3+ 113. Kb6 Qd8+ 114. Ka6 Qc8+ 115. Kb5 Qd7+ 116. Kc4 Qe6+ 117. Kd3 Qd6+ 118. Ke4 Qe7+ 119. Kf4 Qf7+ 120. Kg4 Qd7+ 121. Kf4 Qf7+ 122. Ke4 Qe7+ 123. Kd3 Qd6+ 124. Kc4 Qe6+ 125. Kd3 1/2-1/2

[Event "Vaxjo op"]
[Site "Vaxjo"]
[Date "2024.02.11"]
[Round "8"]
[White "Seo, Jung Min"]
[Black "Hillarp Persson, Tiger"]
[Result "1/2-1/2"]
[WhiteElo "2466"]
[BlackElo "2476"]
[PlyCount "94"]
[EventDate "2024.02.09"]
[EventType "swiss"]
[EventRounds "8"]
[EventCountry "SWE"]
[SourceTitle "CBM 218 Extra"]
[Source "ChessBase"]
[SourceDate "2024.03.31"]
[SourceVersion "1"]
[SourceVersionDate "2024.03.31"]
[SourceQuality "1"]

1. d4 Nf6 2. c4 e6 3. Nf3 d5 4. Nc3 Bb4 5. Qa4+ Nc6 6. e3 0-0 7. Qc2 dxc4 8. Bxc4 Bd6 9. 0-0 e5 10. h3 a6 11. a3 h6 12. b4 exd4 13. exd4 Ne7 14. Re1 c6 15. Bd2 Bf5 16. Qa2 Ned5 17. Nxd5 Nxd5 18. Ne5 Rc8 19. Bxd5 cxd5 20. Qxd5 Be6 21. Qe4 Bxe5 22. Qxe5 Bd5 23. Bf4 Rc6 24. Qe7 Rg6 25. Bg3 Bc6 26. Qxd8 Rxd8 27. Rad1 Bd5 28. Kh2 Rc6 29. Rd3 f6 30. Re7 Re6 31. Rc7 Re4 32. Rc5 Re2 33. Re3 Rxe3 34. fxe3 Bc6 35. Kg1 Kf7 36. Bf4 Ke6 37. g4 Rd5 38. Rc3 h5 39. Kf2 hxg4 40. hxg4 g5 41. Bh2 Rd7 42. Rc5 Rd5 43. Bc7 Rd7 44. Bh2 Rd5 45. Rxd5 Bxd5 46. Bc7 Kd7 47. Bb6 Be4 1/2-1/2

[Event "Vaxjo op"]
[Site "Vaxjo"]
[Date "2024.02.10"]
[Round "6"]
[White "Jepson, Christian"]
[Black "Hillarp Persson, Tiger"]
[Result "1/2-1/2"]
[WhiteElo "2386"]
[BlackElo "2476"]
[PlyCount "112"]
[EventDate "2024.02.09"]
[EventType "swiss"]
[EventRounds "8"]
[EventCountry "SWE"]
[SourceTitle "CBM 218 Extra"]
[Source "ChessBase"]
[SourceDate "2024.03.31"]
[SourceVersion "1"]
[SourceVersionDate "2024.03.31"]
[SourceQuality "1"]

1. c4 e6 2. Nf3 d5 3. d4 Nf6 4. Nc3 c6 5. Bg5 Nbd7 6. e3 h6 7. Bh4 g5 8. Bg3 Nh5 9. Qc2 Nxg3 10. hxg3 Bg7 11. 0-0-0 Qe7 12. e4 dxe4 13. Qxe4 f5 14. Qc2 g4 15. Nh4 Qg5+ 16. Kb1 0-0 17. Ne2 Rd8 18. f4 Qf6 19. Nc3 b5 20. cxb5 cxb5 21. Bxb5 Nb6 22. Qe2 Qf7 23. Rhe1 Rxd4 24. Bc6 Rb8 25. Rxd4 Bxd4 26. Qd3 Qf6 27. Nb5 Bc5 28. Qc2 Bf8 29. Re5 Nd7 30. Re2 Bg7 31. Nc7 Nf8 32. Ne8 Qd4 33. Nxg7 Qg1+ 34. Qc1 Qxc1+ 35. Kxc1 Kxg7 36. Rc2 Kf6 37. a3 Bb7 38. b4 Bxc6 39. Rxc6 Rb7 40. Rc8 Kf7 41. Kc2 a5 42. bxa5 Ra7 43. Kb3 Rxa5 44. Rc7+ Kf6 45. a4 Rd5 46. Kb4 Nd7 47. a5 Nb8 48. Ka4 h5 49. Rc8 Na6 50. Ra8 Rd4+ 51. Kb3 Nc5+ 52. Kc3 Ra4 53. Ra7 Ne4+ 54. Kb3 Nc5+ 55. Kc3 Ne4+ 56. Kb3 Nc5+ 1/2-1/2

[Event "Vaxjo op"]
[Site "Vaxjo"]
[Date "2024.02.09"]
[Round "1"]
[White "Bergman, Nils"]
[Black "Hillarp Persson, Tiger"]
[Result "0-1"]
[WhiteElo "1878"]
[BlackElo "2476"]
[PlyCount "48"]
[EventDate "2024.02.09"]
[EventType "swiss"]
[EventRounds "8"]
[EventCountry "SWE"]
[SourceTitle "CBM 218 Extra"]
[Source "ChessBase"]
[SourceDate "2024.03.31"]
[SourceVersion "1"]
[SourceVersionDate "2024.03.31"]
[SourceQuality "1"]

1. d4 g6 2. Bf4 Bg7 3. Nc3 a6 4. e4 d6 5. Qd2 b5 6. f3 Nd7 7. Nge2 Bb7 8. h4 h5 9. a3 c5 10. Bg5 Ngf6 11. Qe3 Rc8 12. e5 cxd4 13. Nxd4 Nxe5 14. Be2 0-0 15. 0-0-0 Re8 16. Rhg1 Qb6 17. g4 hxg4 18. fxg4 Nc4 19. Qg3 Ne4 20. Nxe4 Bxe4 21. c3 Nxa3 22. bxa3 Bxd4 23. Bd2 b4 24. h5 bxc3 0-1

[Event "NOR-chT Elite 2324"]
[Site "Norway"]
[Date "2024.02.02"]
[Round "4.51"]
[White "Hillarp Persson, Tiger"]
[Black "Kvaloy, Aksel Bu"]
[Result "1/2-1/2"]
[WhiteElo "2476"]
[BlackElo "2443"]
[PlyCount "91"]
[EventDate "2023.10.27"]
[EventType "team-tourn"]
[EventRounds "9"]
[EventCountry "NOR"]
[SourceTitle "CBM 219 Extra"]
[Source "ChessBase"]
[SourceDate "2024.05.31"]
[SourceVersion "1"]
[SourceVersionDate "2024.05.31"]
[SourceQuality "1"]
[WhiteTeam "Asker"]
[BlackTeam "Stavanger"]
[WhiteTeamCountry "NOR"]
[BlackTeamCountry "NOR"]

1. Nf3 Nf6 2. g3 d5 3. Bg2 c6 4. 0-0 Bg4 5. h3 Bh5 6. d3 e6 7. Nbd2 Be7 8. e4 0-0 9. Qe2 a5 10. a4 Na6 11. g4 Bg6 12. Ne5 Nd7 13. Nxg6 hxg6 14. f4 dxe4 15. Nxe4 Nac5 16. Nd2 Nb6 17. Nf3 Ncxa4 18. d4 c5 19. Rd1 cxd4 20. Nxd4 Bf6 21. c3 Nc5 22. Be3 Qc8 23. g5 Be7 24. h4 Nd5 25. Bd2 Bd6 26. Rf1 Qb8 27. b4 axb4 28. Rxa8 Qxa8 29. cxb4 Na4 30. Nxe6 Nac3 31. Bxc3 Nxc3 32. Qd3 Re8 33. Qxd6 Rxe6 34. Qc7 Ne2+ 35. Kh2 Qa7 36. Qxb7 Qxb7 37. Bxb7 Rb6 38. Rf2 Rxb7 39. Rxe2 Rxb4 40. Re8+ Kh7 41. Kg3 Rb3+ 42. Kg4 f5+ 43. gxf6 gxf6 44. h5 Rb5 45. hxg6+ Kxg6 46. Ra8 1/2-1/2

[Event "DEN-chT 2324 61st"]
[Site "Denmark"]
[Date "2024.01.27"]
[Round "5.1"]
[White "Hillarp Persson, Tiger"]
[Black "Ochsner, Bjorn Moller"]
[Result "0-1"]
[WhiteElo "2497"]
[BlackElo "2537"]
[PlyCount "94"]
[EventDate "2023.10.28"]
[EventType "team-tourn"]
[EventRounds "9"]
[EventCountry "DEN"]
[SourceTitle "CBM 219 Extra"]
[Source "ChessBase"]
[SourceDate "2024.05.31"]
[SourceVersion "1"]
[SourceVersionDate "2024.05.31"]
[SourceQuality "1"]
[WhiteTeam "Bronshoj"]
[BlackTeam "Aarhus/Skolerne"]
[WhiteTeamCountry "DEN"]
[BlackTeamCountry "DEN"]

1. Nf3 c5 2. g3 Nc6 3. c4 g6 4. Nc3 Bg7 5. Bg2 e6 6. h4 h6 7. d3 Nge7 8. Bd2 b6 9. Qc1 Bb7 10. 0-0 d6 11. a3 Qd7 12. b4 Nf5 13. Rb1 Rd8 14. e4 Nfd4 15. Nxd4 Nxd4 16. Be3 h5 17. Qd1 0-0 18. Ne2 Rc8 19. Rc1 Bc6 20. Nxd4 cxd4 21. Bd2 b5 22. cxb5 Bxb5 23. Qb3 Ba4 24. Qb1 Rc3 25. Bxc3 dxc3 26. Bf3 Bd4 27. Bd1 Bb5 28. Qc2 a6 29. a4 Bc6 30. Qb3 Rc8 31. Kg2 d5 32. Bc2 Rb8 33. Rb1 Kg7 34. Qa3 Qd6 35. Rb3 dxe4 36. dxe4 Qe5 37. Re1 Rd8 38. b5 Bc5 39. Qa1 Rd2 40. Qxc3 Rxf2+ 41. Kh3 Bd4 42. Qxc6 g5 43. hxg5 Qxg5 44. Bd1 Be5 45. Qc5 Qh4+ 46. Kxh4 Rh2+ 47. Kg5 f6# 0-1